Fritz Lang Filmography - Statistics

General Stats
  • This quiz has been taken 20 times
  • The average score is 29 of 93
Answer Stats
Type Year Name % Correct
Film Director 1931 M
100%
Film Screenplay 1931 M
100%
Film Screenplay 1951 M
100%
Film Director 1927 Metropolis
94%
Film Screenplay 1927 Metropolis
94%
Film Director 1953 The Big Heat
72%
Film Director 1933 The Testament of Dr. Mabuse
61%
Film Screenplay 1933 The Testament of Dr. Mabuse
61%
Film Production 1933 The Testament of Dr. Mabuse
61%
Film Director 1922 Dr. Mabuse, the Gambler
56%
Film Screenplay 1922 Dr. Mabuse, the Gambler
56%
Film Director 1936 Fury
56%
Film Screenplay 1936 Fury
56%
Film Director 1945 Scarlet Street
56%
Film Production 1945 Scarlet Street
56%
Film Director 1928 Spies
50%
Film Screenplay 1928 Spies
50%
Film Director 1944 The Woman in the Window
50%
Film Director 1943 Hangmen Also Die!
44%
Film Story 1943 Hangmen Also Die!
44%
Film Production 1943 Hangmen Also Die!
44%
Film Director 1947 Secret Beyond the Door...
44%
Film Production 1947 Secret Beyond the Door...
44%
Film Director 1921 Destiny
39%
Film Screenplay 1921 Destiny
39%
Film Editor 1921 Destiny
39%
Film Director 1944 Ministry of Fear
39%
Film Director 1960 The 1,000 Eyes of Dr. Mabuse
39%
Film Screenplay 1960 The 1,000 Eyes of Dr. Mabuse
39%
Film Production 1960 The 1,000 Eyes of Dr. Mabuse
39%
Film Director 1929 Woman in the Moon
39%
Film Screenplay 1929 Woman in the Moon
39%
Film Production 1929 Woman in the Moon
39%
Film Director 1937 You Only Live Once
39%
Film Director 1956 Beyond a Reasonable Doubt
33%
Film Director 1924 Die Nibelungen: Kriemhild's Revenge
33%
Film Director 1924 Die Nibelungen: Siegfried
33%
Film Screenplay 1924 Die Nibelungen: Siegfried
33%
Film Director 1919 Harakiri
33%
Film Director 1950 House by the River
33%
Film Director 1954 Human Desire
33%
Film Director 1941 Man Hunt
33%
Film Director 1955 Moonfleet
33%
Film Director 1956 While the City Sleeps
33%
Film Cameo 1963 Contempt
28%
Film Director 1959 The Indian Tomb
28%
Film Screenplay 1959 The Indian Tomb
28%
Film Director 1959 The Tiger of Eschnapur
28%
Film Screenplay 1959 The Tiger of Eschnapur
28%
Film Director 1946 Cloak and Dagger
22%
Film Director 1952 Rancho Notorious
22%
Film Director 1953 The Blue Gardenia
22%
Film Director 1940 The Return of Frank James
22%
Film Director 1920 The Spiders - Episode 2: The Diamond Ship
22%
Film Screenplay 1920 The Spiders - Episode 2: The Diamond Ship
22%
Film Director 1920 The Wandering Image
22%
Film Screenplay 1920 The Wandering Image
22%
Film Director 1952 Clash by Night
17%
Film Director 1934 Liliom
17%
Film Screenplay 1934 Liliom
17%
Film Director 1919 The Spiders - Episode 1: The Golden Sea
17%
Film Screenplay 1919 The Spiders - Episode 1: The Golden Sea
17%
Film Director 1938 You and Me
17%
Film Production 1938 You and Me
17%
Film Director 1950 American Guerrilla in the Philippines
11%
Film Screenplay 1919 Bettler GmbH
11%
Film Director 1919 Der Herr der Liebe
11%
Film Cameo 1919 Der Herr der Liebe
11%
Film Screenplay 1917 Die Hochzeit im Excentricclub
11%
Film Screenplay 1916 Die Peitsche
11%
Film Director 1921 Four Around the Woman
11%
Film Screenplay 1921 Four Around the Woman
11%
Film Screenplay 1917 Hilde Warren und der Tod
11%
Film Screenplay 1919 Lilith and Ly
11%
Film Screenplay 1919 Pest in Florenz
11%
Film Screenplay 1919 The Dance of Death
11%
Film Director 1919 The Halfbreed
11%
Film Screenplay 1919 The Halfbreed
11%
Film Director 1941 Western Union
11%
Film Director 1941 Confirm or Deny
6%
Film Screenplay 1919 Die Frau mit den Orchideen
6%
Film Screenplay 1919 Die Rache ist mein
6%
Documentary Appearance 1975 Fritz Lang Interviewed by William Friedkin
6%
TV Show Writer 1963 Grande Teatro Tupi
6%
Film Director 1960 Journey to the Lost City
6%
Film Screenplay 1960 Journey to the Lost City
6%
Film Screenplay 1919 Wolkenbau und Flimmerstern
6%
Film Screenplay 1918 Die Frauen des Josias Graffenreuth
0%
Film Screenplay 1920 Die Herrin der Welt 8. Teil - Die Rache der Maud Fergusson
0%
TV Documentary Appearance 1974 Die schweren Träume des Fritz Lang
0%
TV Documentary Appearance 2004 Fritz Lang le cercle du destin - Les films allemands
0%
Film Director 1942 Moontide
0%
Short Documentary Appearance 2000 The Eyes of Fritz Lang
0%
No matching quizzes found
Score Distribution
Percent of People with Each Score
Percentile by Number Answered
Your Score History
You have not taken this quiz